Elektrické pole v izolácii kábla za prítomnosti vodivých nehomogenít : Kand.diz.práca : V.odb. 26-01-9 : Obh. 04.04.1985 /

Gespeichert in:
Bibliographische Detailangaben
1. Verfasser: Gálik, Miroslav (Verfasst von)
Weitere Verfasser: Slaninka, Pavel (Betreuung Doktorarbeit)
Format: Manuskript Buch
Veröffentlicht: Bratislava : Výskumný ústav káblov a izolantov, 1984
Schlagworte:
Tags: Tag hinzufügen
Keine Tags, Fügen Sie das erste Tag hinzu!

MARC

LEADER 00000ntm a22000003a 4500
001 stu4518
005 20150617225810.3
008 ------s1984----------------------------d
040 |a STU  |b slo 
041 0
100 1 |a Gálik, Miroslav  |4 aut 
245 1 |a Elektrické pole v izolácii kábla za prítomnosti vodivých nehomogenít :  |b Kand.diz.práca : V.odb. 26-01-9 : Obh. 04.04.1985 /  |c [aut.] Gálik,Miroslav, Ing.; Škol. Slaninka,Pavel 
260 |a Bratislava :  |b Výskumný ústav káblov a izolantov,  |c 1984 
300 |a 68 s  |c Autoref.1984, 15 s 
650 7 |a elektrotechnológia  |2 stusub 
650 7 |a silnoprúdové káble  |2 stusub 
650 7 |a PE izolácie  |2 stusub 
650 7 |a XPE izolácie  |2 stusub 
700 1 |a Slaninka, Pavel  |4 ths 
996 |b 284ED00297  |c E*KDIZ-458  |l EE01  |s A  |a 24  |w stu4518_0001